000 01020nam a2200229 a 4500
001 000146087
003 AM-YeHGA
005 20250617161808.0
008 030329s1934 ||||||||||||||||||||rus c
040 _aAM-YeHGA
041 0 _arus
100 1 _aГинзберг, А.С.
245 1 0 _aПетрография республики Армении /
_cА.С. Гинзберг ; Ред. П.И. Лебедев ; Под общ. ред. Ф.Ю. Левинсон-Лессинга ; АН СССР. Петрографический ин-т.
260 _aЛенинград :
_bИзд-во АН СССР,
_c1934.
300 _a128 с.
440 0 _aПетрография СССР
_nСерия 1
_pРегиональная петрография
_vВып. 2
650 1 4 _aПетрография
700 1 _aЛебедев, П.И.
_eред.
_4edt
700 1 _aЛевинсон-Лессинг, Франц Юл.
_eред.
_4edt
710 2 _aПетрографический институт АН СССР
090 _c480828
999 _c477530
_d477530